Solid State Fermentation for Foods and Beverages (Record no. 14354)
[ view plain ]
| 000 -LEADER | |
|---|---|
| fixed length control field | 00375nam a22001457a 4500 |
| 020 ## - INTERNATIONAL STANDARD BOOK NUMBER | |
| ISBN | 9781439844960 |
| 082 ## - DEWEY DECIMAL CLASSIFICATION NUMBER | |
| Classification number | 664.024 |
| Item number | CHE/SO |
| 245 ## - TITLE STATEMENT | |
| Title | Solid State Fermentation for Foods and Beverages |
| 260 ## - PUBLICATION, DISTRIBUTION, ETC. (IMPRINT) | |
| Place of publication | London |
| Name of publisher | CRC Press |
| Year of publication | 2014 |
| 300 ## - PHYSICAL DESCRIPTION | |
| Number of Pages | 391 |
| 490 ## - SERIES STATEMENT | |
| Series statement | Fermented Foods and Beverages Series |
| 700 ## - ADDED ENTRY--PERSONAL NAME | |
| Personal name | Chen,Jain |
| 700 ## - ADDED ENTRY--PERSONAL NAME | |
| Personal name | Zhu,Yang |
| 942 ## - ADDED ENTRY ELEMENTS (KOHA) | |
| Koha item type | Books |
| Withdrawn status | Lost status | Damaged status | Collection code | Home library | Current library | Shelving location | Date acquired | Source of acquisition | Cost, normal purchase price | Full call number | Accession Number | Koha item type |
|---|---|---|---|---|---|---|---|---|---|---|---|---|
| KAUAET | KAUAET | General Stacks | 21/06/2016 | Ganesh Book Centre Trivandrum | 12414.00 | 664.024 CHE/SO | 24611 | Books |
